• 首页
  • 本馆介绍
  • 公告通知
  • 最新文献
  • 馆藏检索
  • 电子资源
  • 读者导购
  • 参考咨询
  • 我的图书馆
  • 登录
  • 详细信息显示
  • 放入我的书架
  • 预约/预借图书
  • 作者相关作品
  • 分类相关作品
  • 丛书相关作品
  • 出版社相关作品

书目信息

  • 表格格式
  • 工作单格式
  • 卡片格式
题名:
有限群的线性表示
    
 
作者: 塞尔 著 ;郝鈵新 译
分册:  
出版信息: 北京   科学出版社  1984
页数: 182页
开本: 21cm
丛书名: 现代代数译丛
单 册:
中图分类: O152.6
科图分类:
主题词: 群表示
电子资源:
ISBN:
000 00799nam2 2200277 45
001 0184002008
005 20060418100406.68
010    @dCNY1.15
091    @a13031.2478
100    @a19950525d1984 em y0chiy0121 ea
101 1  @achi@cfre
102    @aCN@b110000
105    @ay z 000yy
200 10 @a有限群的线性表示@Ayou xian qun de xian xing biao shi@dRepresentations Lineaires des Groupes Finis@f(法)J.P.塞尔著@F(Fa)J.P.Sai Er Zhu@g郝鈵新译
210    @a北京@c科学出版社@d1984
215    @a182页@d21cm
225 2  @a现代代数译丛
300    @a书名原文:
410  0 @120010@a现代代数译丛
606 0  @a群表示
690    @aO152.6@v3
701  0 @a塞尔@4著
702  0 @a郝鈵新@Ahao bing xin@4译
801  2 @aCN@bNLC@c20060418
801  0 @aCN@b上海图书馆@c20041223
905    @dO152.6@e6
    
    有限群的线性表示=Representations Lineaires des Groupes Finis/(法)J.P.塞尔著/郝鈵新译.-北京:科学出版社,1984
    182页;21cm.-(现代代数译丛)
    书名原文:
    
    ISBN :CNY1.15
    
●
相关链接 在E读中查询图书 在五车中查询图书 在当当中查询图书 在豆瓣中查询图书


正题名:有限群的线性表示     索取号:O152.6/6         预约/预借

序号 登录号 条形码 馆藏地/架位号 状态 备注
1 0102027   202249557   密集书库/ [索取号:O152.6/6] 在馆    
2 0102028   202093518   第二样本阅览室/ [索取号:O152.6/6] 在馆    
3 0154973   001977757   第三借阅区/ [索取号:O152.6/6] 在馆    
唐山师范学院图书馆 欢迎您!
大连网信软件有限公司© 版权所有